Artists That Have Worked with T.I. - Statistics

General Stats
  • This quiz has been taken 2 times
  • The average score is 8 of 52
Answer Stats
Artist % Correct
Dr Dre
100%
Eminem
100%
Benny the Butcher
50%
Busta Rhymes
50%
Conway the Machine
50%
Jadakiss
50%
Jamie Foxx
50%
Lil Wayne
50%
Rihanna
50%
Royce Da 5'9
50%
Skylar Grey
50%
Swizz Beatz
50%
White Gold
50%
Akon
0%
Alfamega
0%
B.o.B.
0%
CeeLo Green
0%
Cher Lloyd
0%
Chris Brown
0%
Christina Aguilera
0%
CyHi the Prynce
0%
Destiny's Child
0%
Iggy Azalea
0%
Jeezy
0%
Jeremih
0%
JID
0%
John Legend
0%
Juicy J
0%
Justin Timberlake
0%
Kamo Mphela
0%
Kanye West
0%
Kendrick Lamar
0%
Kid Cudi
0%
Killer Mike
0%
London Jae
0%
Meek Mill
0%
Mozzy
0%
Nicole Scherzinger
0%
Pharrell Williams
0%
P!nk
0%
Problem
0%
Rahky
0%
Ra Ra
0%
Rick Ross
0%
Robin Thicke
0%
Rocko
0%
Sy Ari da Kid
0%
The-Dream
0%
Trae the Truth
0%
Trey Songz
0%
WatchTheDuck
0%
Young Dolph
0%
No matching quizzes found
Score Distribution
Percent of People with Each Score
Percentile by Number Answered
Your Score History
You have not taken this quiz